|
|
|
|
| LEADER |
00000nam0a2200000 4500 |
| 001 |
145114 |
| 005 |
20231031143937.0 |
| 010 |
|
|
|a 9785950203572
|
| 035 |
|
|
|a (RuTPU)RU\TPU\book\157274
|
| 035 |
|
|
|a RU\TPU\book\126643
|
| 090 |
|
|
|a 145114
|
| 100 |
|
|
|a 20081013d2008 m y0rusy50 ca
|
| 101 |
0 |
|
|a rus
|
| 102 |
|
|
|a RU
|
| 105 |
|
|
|a a j 001zy
|
| 200 |
1 |
|
|a Сейсмическая разведка
|e учебное пособие
|f В. Ф. Уаров
|
| 205 |
|
|
|a 2-е изд.
|
| 210 |
|
|
|a Москва
|c Вузовская книга
|d 2008
|
| 215 |
|
|
|a 195 с.
|c ил.
|
| 320 |
|
|
|a Предм. указ.: с. 186-190.
|
| 320 |
|
|
|a Библиогр.: с. 191.
|
| 330 |
|
|
|a В учебном пособии изложены основы теории распространения упругих волн в слоисто-однородных и градиентных средах. Рассмотрены основные методы сейсмической разведки. Изложены вопросы методики и технологии полевых наблюдений. Описаны способы обработки материалов сейсморазведки. Учебное пособие предназначено для студентов специальности «Геофизические методы поисков и разведки месторождений полезных ископаемых».
|
| 451 |
|
1 |
|0 (RuTPU)RU\TPU\book\126643
|y 5-9502-0174-4
|t Сейсмическая разведка
|o учебное пособие
|f В. Ф. Уаров
|c М.
|n Вузовская книга
|d 2007
|p 195 с.
|a Уаров, Василий Фомич
|
| 610 |
1 |
|
|a сейсмическая разведка
|
| 610 |
1 |
|
|a учебные пособия
|
| 610 |
1 |
|
|a упругие волны
|
| 610 |
1 |
|
|a слоисто-однородные среды
|
| 610 |
1 |
|
|a градиентные среды
|
| 610 |
1 |
|
|a метод первых вступлений
|
| 610 |
1 |
|
|a метод отраженных волн
|
| 610 |
1 |
|
|a метод общей глубинной точки
|
| 610 |
1 |
|
|a МОВ
|
| 610 |
1 |
|
|a сейсмическая информация
|
| 610 |
1 |
|
|a регистрация
|
| 610 |
1 |
|
|a геология
|
| 610 |
1 |
|
|a геофизика
|
| 610 |
1 |
|
|a полезные ископаемые
|
| 610 |
1 |
|
|a месторождения
|
| 675 |
|
|
|a 550.834(075.8)
|v 3
|
| 700 |
|
1 |
|a Уаров
|b В. Ф.
|g Василий Фомич
|
| 801 |
|
1 |
|a RU
|b 63413507
|c 20070530
|g PSBO
|
| 801 |
|
2 |
|a RU
|b 63413507
|c 20121218
|g PSBO
|
| 900 |
|
|
|a Геофизика
|
| 900 |
|
|
|a Геофизические методы поисков и разведки МПИ
|
| 900 |
|
|
|a Сейсморазведка
|
| 900 |
|
|
|a Полевая геофизика
|
| 900 |
|
|
|a Основы сейсморазведки
|
| 942 |
|
|
|c BK
|
| 951 |
|
|
|a 511000
|b 020300
|b 020301
|b 130000
|b 130100
|a 550000
|